| Поле | Название | Значение |
| |
Тип записи |
i |
| |
Библиографический уровень |
c |
| 001 |
Контрольный номер |
LIBNET\0000322076 |
| 005 |
Дата корректировки |
20231212094847.3 |
| 010 |
Индекс ISBN |
__ |
| a |
ISBN |
978-5-9677-1578-5 (в кор.) |
| d |
Цена |
168-75 |
| 100 |
Данные общей обработки |
__ |
| a |
Данные общей обработки |
19130312d2011####||| 0rusy0189 ca |
| 101 |
Язык документа |
0_ |
| a |
Язык текста |
rus |
| 102 |
Страна публикации |
__ |
| a |
Страна публикации |
RU| |
| 105 |
Кодированные данные (монография) |
__ |
| a |
Кодированные данные (монография) |
||||||||000zy |
| 127 |
Кодированные данные (звукозаписи-физические характеристики) |
__ |
| a |
Продолжительность проигрывания |
01 час 54 мин |
| 200 |
Заглавие и сведения об ответственности |
1_ |
| a |
Заглавие |
Гости съезжались на дачу... ; История села Горюхина ; Повесть из римской жизни ; Египетские ночи |
| e |
Сведения, относящиеся к заглавию |
[повести : 16+] |
| f |
Первые сведения об ответственности |
А. С. Пушкин ; [читает А. Ланская] |
| b |
Общее обозначение материала |
Звукозапись |
| 210 |
Выходные данные |
1_ |
| a |
Место издания |
Москва |
| c |
Издательство |
1С-Паблишинг |
| c |
Издательство |
Дистрибутор |
| d |
Дата издания |
2011 |
| 215 |
Физическое описание |
__ |
| a |
Объем |
1 электрон. опт. диск (Audio CD) |
| c |
Иллюстрации/тип воспроизводства |
mp3, stereo |
| d |
Формат |
12х14 см |
| 225 |
Серия |
2_ |
| a |
Серия |
Русская классика |
| 225 |
Серия |
2_ |
| a |
Серия |
1С: Аудиокниги |
| 230 |
Специфическая характеристика материала: электронные ресурсы |
__ |
| a |
Обозначение и объем ресурса |
Электронные звуковые данные |
| 323 |
Примечание о главных создателях, исполнителях, участниках |
__ |
| a |
Примечание о главных создателях, исполнителях, участниках |
Ланская, А. |
| 327 |
Примечание о содержании |
0_ |
| a |
Примечание о содержании |
История села Горюхина |
| 327 |
Примечание о содержании |
0_ |
| a |
Примечание о содержании |
Повесть из римской жизни |
| 327 |
Примечание о содержании |
0_ |
| a |
Примечание о содержании |
Египетские ночи |
| 330 |
Аннотация |
__ |
| a |
Аннотация |
На диске представлены прозаические произведения великого русского поэта, классика мировой литературы Александра Сергеевича Пушкина. |
| 333 |
Примечание о целевом назначении |
__ |
| a |
Примечание о целевом назначении |
16+. Для детей старше 16 лет |
| 337 |
Примечание о системных требованиях (электронные ресурсы) |
__ |
| a |
Примечание о системных требованиях (электронные ресурсы) |
Системные требования: ПК: MS Windows; Pentium 100; RAM 16 Mb; монитор SVGA 800x600; устройство чтения CD/DVD-ROM; звуковая карта; колонки или наушники; мышь. Аудиосистемы с поддержкой формата МР3: музыкальный центр; CD/DVD-плеер и т.д. |
| 517 |
Другие варианты заглавия |
1_ |
| a |
Другие варианты заглавия |
История села Горюхина |
| 517 |
Другие варианты заглавия |
1_ |
| a |
Другие варианты заглавия |
Повесть из римской жизни |
| 517 |
Другие варианты заглавия |
1_ |
| a |
Другие варианты заглавия |
Египетские ночи |
| 606 |
Тематические рубрики |
__ |
| a |
Основная рубрика |
Художественная литература |
| 606 |
Тематические рубрики |
__ |
| a |
Основная рубрика |
Русская литература XIX в. (произведения) |
| z |
Хронологическая подрубрика |
19 в. |
| 610 |
Ключевые слова |
0_ |
| a |
Ключевые слова |
классическая литература |
| a |
Ключевые слова |
повести |
| a |
Ключевые слова |
проза |
| a |
Ключевые слова |
русская литература |
| a |
Ключевые слова |
тема жизни |
| a |
Ключевые слова |
тема заговоров |
| a |
Ключевые слова |
тема крепостного права |
| a |
Ключевые слова |
тема крестьянской жизни |
| a |
Ключевые слова |
тема любви |
| a |
Ключевые слова |
тема помещиков |
| a |
Ключевые слова |
тема царей |
| 686 |
Индексы других классификаций |
__ |
| 2 |
Код системы |
rubbks |
| a |
Классификационный индекс |
84(2=411.2)52-4я04; ст84(2Рос=Рус)1-4я0 |
| 700 |
Автор |
_1 |
| a |
Фамилия |
Пушкин |
| b |
Имя |
А. С. |
| f |
Даты |
1799-1837 |
| g |
Полное личное имя |
Александр Сергеевич |
| 4 |
Код отношения |
070 |
| 801 |
Источник записи |
_0 |
| a |
Страна |
RU |
| b |
Организация |
Муниципальное бюджетное учреждение культуры "Централизованная библиотечная система" г. Сургут (Центральная городская библиотека им. А. С. Пушкина) |
| c |
Дата составления |
20130312 |
| g |
Правила каталогизации |
КиК/Коробейникова |
| 801 |
Источник записи |
_1 |
| a |
Страна |
RU |
| b |
Организация |
Муниципальное бюджетное учреждение культуры "Централизованная библиотечная система" г. Сургут (Центральная городская библиотека им. А. С. Пушкина) |
| c |
Дата составления |
20130312 |
| g |
Правила каталогизации |
КиК/Коробейникова |
| 852 |
Данные о местонахождении |
__ |
| j |
Шифр хранения |
84(2=411.2)52-4я04 |
| i |
Авторский знак |
П 91 |
| 901 |
Тип документа |
__ |
| t |
Тип документа |
0 |
| 903 |
Характеристики (МАРС) |
__ |
| a |
Дата передачи |
20141008 |
| 969 |
Тип издания |
__ |
| a |
Тип издания |
аудиокнига; издание для детей; издание для слепых; сборник |
| 990 |
Данные о заказе (DOS) |
__ |
| j |
Количество экземпляров (DOS) |
11 |
| t |
N записи в КСУ для И/У (DOS) |
201410 |